00388nam a2200157Ia 4500008004100000020001800041084001100059100002100070245002500091250002000116260001900136260000900155260002200164300000900186500003500195180424s9999 xx 000 0 und d a013802331X  a152 M3 a"Neil Martin, G" 0aHuman Nuropsychology a\\199800ENGGPSX aPrentice Hall  b1998 cEnglewood Cliffs  a514p aincludes index and biblioraphy